[Event "Cancun Camara Cup 11th"]
[Site "Cancun"]
[Date "2023.10.12"]
[Round "2"]
[White "Laredo Ruiz, Gianny"]
[Black "Neira Garcia, Llirbel Anei"]
[Result "1-0"]
[WhiteElo "2139"]
[BlackElo "1934"]
[PlyCount "111"]
[EventDate "2023.10.11"]
[EventType "swiss"]
[EventRounds "9"]
[EventCountry "MEX"]
[SourceTitle "Mega2024 Update 01"]
[Source "Chessbase"]
[SourceDate "2023.11.12"]
[SourceVersion "1"]
[SourceVersionDate "2023.11.12"]
[SourceQuality "1"]

1. d4 d5 2. Bg5 Nf6 3. Bxf6 exf6 4. e3 Bd6 5. g3 Nd7 6. Bg2 c6 7. Ne2 0-0 8. Nd2 f5 9. 0-0 Nf6 10. c4 Be6 11. c5 Bc7 12. b4 a5 13. a3 Ne4 14. Nb3 axb4 15. axb4 Qe7 16. Qd3 h5 17. b5 h4 18. b6 Rxa1 19. Re1 Rb1 20. Rxb1 Bb8 21. Ra1 hxg3 22. Nd2 g6 23. hxg3 g5 24. f4 f6 25. Nf1 Bf7 26. Bf3 Bg6 27. Ra2 Kg7 28. Nc3 Re8 29. Rg2 Qf7 30. Qc2 Rh8 31. Nxe4 fxe4 32. Bd1 Qd7 33. Rh2 Rg8 34. Qe2 Kf8 35. Kh1 gxf4 36. gxf4 Bf7 37. Qf2 Ke7 38. Qh4 Qf5 39. Rg2 Rf8 40. Bg4 Qg6 41. Be2 Qf5 42. Rg7 Qc8 43. Bh5 Qe8 44. Ng3 Rh8 45. Rxf7+ Qxf7 46. Nf5+ Kf8 47. Bxf7 Rxh4+ 48. Nxh4 Kxf7 49. Kg2 Ke6 50. Kg3 f5 51. Ng2 Kf6 52. Kh4 Kg6 53. Ne1 Kh6 54. Nc2 Kg6 55. Na1 Kh6 56. Nb3 1-0